000 00224 a2200097 4500
001 39824
100 _aPatil, S H
245 _aElements of Modern Physics
260 _aNew Dehli
_bTata McGraw Hill
_c
090 _c24827
_d24827
942 _aNUST-CAE
_cM
_c16477
999 _c274897
_d274897